00360cam a22000977a 4500008004000000082001900040245011100059260004600170300001000216700003600226180718b1954 xxu||||| |||| 00| 0 eng d aI5001 T39/1952 aDescriptive memoir of the Ministry of Commerce and Industry, June 1952cby Ministry of Home Affairs, India aNew DelhibMinistry of Home Affairsc1954 a70+p. aIndia. Ministry of Home Affairs